Văn học hậu hiện đại Lí thuyết và tiếp nhận

Gồm 21 chương, ngoài những chương viết thuần túy lí thuyết (7 chương đầu) và chương cuối mang tính khái quát, mười ba chương còn lại là xây dựng lí thuyết dựa trên việc phân tích tác phẩm cụ thể; NV Văn học phương Tây...

Täydet tiedot

Tallennettuna:
Bibliografiset tiedot
Päätekijä: Lê, Huy Bắc
Aineistotyyppi: Kirja
Kieli:Undetermined
Julkaistu: H. Đại học sư phạm 2012
Aiheet:
Linkit:http://lrc.tdmu.edu.vn/opac/search/detail.asp?aID=2&ID=17843
Tagit: Lisää tagi
Ei tageja, Lisää ensimmäinen tagi!
Thư viện lưu trữ: Trung tâm Học liệu Trường Đại học Thủ Dầu Một
LEADER 01048nam a2200217Ia 4500
001 TDMU_17843
008 210410s9999 xx 000 0 und d
082 |a 808.8 
090 |b L250 
100 |a Lê, Huy Bắc 
245 0 |a Văn học hậu hiện đại 
245 0 |b Lí thuyết và tiếp nhận 
245 0 |c Lê Huy Bắc 
260 |a H. 
260 |b Đại học sư phạm 
260 |c 2012 
300 |a 319tr. 
520 |a Gồm 21 chương, ngoài những chương viết thuần túy lí thuyết (7 chương đầu) và chương cuối mang tính khái quát, mười ba chương còn lại là xây dựng lí thuyết dựa trên việc phân tích tác phẩm cụ thể; NV Văn học phương Tây 
650 |a Văn học  |x Lí thuyết  |x Phân tích tác phẩm  |y Hậu hiện đại 
856 |u http://lrc.tdmu.edu.vn/opac/search/detail.asp?aID=2&ID=17843 
980 |a Trung tâm Học liệu Trường Đại học Thủ Dầu Một